00537nam a2200241Ia 450000500170000000800460001702000140006303700070007704000080008404000080009204000080010004100080010804100080011608400180012408400080014210000180015024500460016824500180021426000140023226000310024626000090027730000090028620260401122237.0008 250103s9999 xx 000 0 eng d a691014523 aTB aEDL beng cEDL 2eng aeng a891.730920FRA qEDL aFrank, Joseph 0aDostoevsky: Stir of Liberation 1860-1865 0cFrank, Joseph aPrinceton bPrinceton University Press c1988 a395p